000 00685nam a22002297a 4500
005 20170124105919.0
010 _aA-705789
020 _c00.00
035 _aA-705789
037 _bCen Lib/Ret
040 _aDPL
_bEN
082 _a305.6946
_bDUG
100 _aDuggal, K. S.
_973930
245 _aThe sikh people :
_cby K. S. Duggal
_byesterday and today /
260 _aNew Delhi
_bU B S Publishers
_c1995
270 _a5, Ansari Road, Darya Ganj
_bNew Delhi
_e110002
300 _a156p.
_c21cm(Hb)
500 _aIncludes index
650 _aSikh gurus--Biography
_973371
650 _aSikh gurus--Political activity
_973931
942 _2ddc
_cEN
_h305.6946
_mDUG
999 _c123016
_d123016